[Event "4NCL/Div3/LIT3 vs. FPONTY"]
[Site "Daventry ENG"]
[Date "2009.05.04"]
[Round "11.3"]
[White "Turvey, Steven"]
[Black "Davis, Lee"]
[Result "1-0"]
[WhiteElo "1915"]
[BlackElo "1954"]
[PlyCount "89"]
[EventDate "2009.05.04"]
[EventCountry "ENG"]
[SourceDate "2008.10.04"]

1. e4 d6 2. d4 Nf6 3. Nc3 g6 4. Nf3 Bg7 5. Bc4 O-O 6. O-O Nxe4 7. Nxe4 d5 8.
Bd3 dxe4 9. Bxe4 Nd7 10. c3 Nf6 11. Bc2 c5 12. Bf4 Qb6 13. Qc1 Bg4 14. dxc5
Qxc5 15. Ne5 Be6 16. Nd3 Qh5 17. Bd1 Qf5 18. Bc2 Qh5 19. Bd1 Qb5 20. Nb4 Bf5
21. Re1 Rfe8 22. Be2 Qc5 23. Qe3 Qxe3 24. Bxe3 a5 25. Nd3 Nd5 26. Bg5 e5 27.
Nc5 b6 28. Bf3 Rac8 29. Nb7 e4 30. Nd6 Re5 31. Nxc8 Bxc8 32. Rxe4 Rxg5 33. Re8+
Bf8 34. Rxc8 Nf4 35. Rd1 Kg7 36. Rd7 Ne6 37. Rd5 f5 38. Rd7+ Kf6 39. Bd5 f4 40.
Bxe6 Kxe6 41. Rxh7 Bc5 42. Rd8 f3 43. g3 Bd6 44. Re8+ Kd5 45. Rf7 1-0

[Event "4NCL/Div3/LIT3 vs. FPONTY"]
[Site "Daventry ENG"]
[Date "2009.05.04"]
[Round "11.4"]
[White "StClair, Allan"]
[Black "Farrall, David J"]
[Result "1-0"]
[WhiteElo "1941"]
[BlackElo "1970"]
[PlyCount "97"]
[EventDate "2009.05.04"]
[EventCountry "ENG"]
[SourceDate "2008.10.04"]

1. d4 Nf6 2. Nf3 g6 3. Bf4 d6 4. e3 Bg7 5. c3 O-O 6. Bd3 Nbd7 7. Qc2 Nh5 8. Bg5
Qe8 9. Nbd2 f5 10. O-O-O e5 11. dxe5 Nxe5 12. Nxe5 dxe5 13. f3 Be6 14. Bc4 h6
15. Bh4 g5 16. Bf2 Nf6 17. Qb3 Bxc4 18. Nxc4 Qe6 19. Nxe5 Qxb3 20. axb3 Ne4 21.
Nd3 Nxf2 22. Nxf2 Rae8 23. Rd3 Be5 24. g3 Bd6 25. b4 Re5 26. Rhd1 a5 27. bxa5
Rxa5 28. Kc2 Re5 29. b4 Kg7 30. e4 Rf7 31. Kb3 fxe4 32. Nxe4 Bf8 33. Rd7 g4 34.
Rxf7+ Kxf7 35. Rd3 Kg6 36. Nf2 gxf3 37. Rxf3 Rf5 38. Rxf5 Kxf5 39. Kc4 Bd6 40.
Kd5 Be7 41. b5 h5 42. c4 b6 43. Ne4 Bb4 44. h3 Be1 45. g4+ hxg4 46. hxg4+ Kxg4
47. Nf6+ Kf5 48. Ne8 Bg3 49. Kc6 1-0

[Event "4NCL/Div3/LIT3 vs. FPONTY"]
[Site "Daventry ENG"]
[Date "2009.05.04"]
[Round "11.5"]
[White "Rajeswaran, Kiruthika"]
[Black "Gilbert, Colin"]
[Result "1/2-1/2"]
[WhiteElo "1850"]
[BlackElo "1875"]
[PlyCount "55"]
[EventDate "2009.05.04"]
[EventCountry "ENG"]
[SourceDate "2008.10.04"]

1. e4 c5 2. Nf3 Nc6 3. Bb5 g6 4. d4 cxd4 5. Bxc6 dxc6 6. Nxd4 Bg7 7. c3 Nf6 8.
Qe2 e5 9. Nf3 Qc7 10. Bg5 Bg4 11. Nbd2 h6 12. Bh4 g5 13. Bg3 Nh5 14. O-O-O
O-O-O 15. Nc4 Nf4 16. Bxf4 exf4 17. h3 Be6 18. Nd4 Bxd4 19. Rxd4 Rxd4 20. cxd4
Rd8 21. Rd1 b5 22. Ne5 Bxa2 23. b4 Bb3 24. Rd3 Bc4 25. Nxc4 bxc4 26. Rd1 Qe7
27. Qxc4 Qxe4 28. Qxf7 1/2-1/2